000 00671nam a2200229 a 4500
001 BRCA_7384
005 20190320205821.0
008 210313s1943----sp-ac#####---#000-0#spa-#
041 _aspa
044 _asp
050 4 _aDP178
_b.W35 1943
100 1 _aWalsh, William Thomas
_918230
245 1 0 _aFelipe II
_cWilliam Thomas Walsh ; tr. del inglés por Belen Marañon Moya.
260 _aMadrid
_bW. T. Walsh
_c1943
300 _a809 p.
_bil., 9 láminas de retratos
500 _aQ89
600 1 4 _aFelipe II
_cRey de España
_d1527-1598
_918231
651 4 _aEspaña
_xHistoria
_94629
700 1 _aMarañon Moya, Belen
_etr.
_918232
902 _aGFM
942 _2lcc
_cB
999 _c7060
_d7060